Social problems
The Third Edition of Joel Best's Social Problems elucidates the complex, competitive process through which social problems emerge, paying particular attention to how resources and rhetoric affect each stage of the process. Drawing on social constructionist theory, Best shows how activists, expe...
Đã lưu trong:
| 主要作者: | |
|---|---|
| 格式: | 圖書 |
| 語言: | Undetermined |
| 出版: |
New York
W.W. Norton & Company,
2017
|
| 主題: | |
| 標簽: |
添加標簽
沒有標簽, 成為第一個標記此記錄!
|
| Thư viện lưu trữ: | Trung tâm Học liệu Trường Đại học Cần Thơ |
|---|
| LEADER | 01076nam a2200193Ia 4500 | ||
|---|---|---|---|
| 001 | CTU_225047 | ||
| 008 | 210402s9999 xx 000 0 und d | ||
| 082 | |a 306 | ||
| 082 | |b B561 | ||
| 100 | |a Best, Joel | ||
| 245 | 0 | |a Social problems | |
| 245 | 0 | |c Joel Best. | |
| 260 | |a New York | ||
| 260 | |b W.W. Norton & Company, | ||
| 260 | |c 2017 | ||
| 520 | |a The Third Edition of Joel Best's Social Problems elucidates the complex, competitive process through which social problems emerge, paying particular attention to how resources and rhetoric affect each stage of the process. Drawing on social constructionist theory, Best shows how activists, experts, and their opponents engage in claimsmaking, and how the media then report on these claims, prompting public reaction and driving policy. In order to help students connect theory to everyday life, Joel Best fills the book with colorful examples and real-world case studies. | ||
| 650 | |a Vấn đề xã hội,Social problems | ||
| 910 | |a Tuyến | ||
| 980 | |a Trung tâm Học liệu Trường Đại học Cần Thơ | ||